000 00416nam a2200145Ia 4500
008 231019s9999 xx 000 0 und d
020 _a 978-1-84710-556-1
082 _a657.3076
_bLYN-A
100 _aFoulks Lynch
245 0 _aACCA Paper F1 Accountant in Business Financial Reporting. Complete Text 2009/10
260 _aUK
_bKaplan Publishing
_c2009
300 _a610
650 _aAccounting
999 _c34569
_d34569